Statistics for Lyrics to Hotel California

Click here to take the quiz!

General Stats

  • This quiz has been taken 1,291 times
    (1,272 since last reset)
  • The average score is 262 of 328

Answer Stats

Answer% Correct
a
100%
the
99%
California.
98%
Hotel
98%
I
98%
to
97%
"We
97%
in
96%
He
94%
on
94%
On
94%
Welcome
93%
You
93%
you
93%
my
92%
My
92%
of
92%
place,
92%
place
92%
can
91%
highway,
91%
lovely
91%
such
90%
Such
90%
up
90%
dark
89%
her
89%
Her
89%
night
89%
night.
89%
be
88%
desert
88%
for
88%
hair
88%
it
88%
me
88%
wind
88%
at
87%
cool
87%
had
87%
time
87%
And
86%
and
86%
here
86%
here,
86%
here.
86%
she
86%
She
86%
Any
85%
any
85%
face
83%
face.
83%
hear
83%
light.
83%
air
82%
saw
82%
but
81%
door.
81%
said,
81%
said
81%
say....
81%
was
81%
distance,
80%
find
80%
never
80%
stop
80%
them
80%
leave!"
79%
year
79%
are
78%
room
78%
way.
78%
could
77%
just
77%
rising
77%
this
77%
"This
77%
nine."
76%
nineteen
76%
shimmering
76%
sixty
76%
that
76%
There
76%
through
76%
head
75%
heard
75%
since
75%
smell
75%
Hell."
74%
or
74%
out
74%
check
73%
haven't
73%
heaven
73%
livin
73%
They
73%
they
73%
bring
72%
So
72%
spirit
72%
were
72%
ahead
71%
bell
71%
doorway;
71%
like,
71%
stood
71%
myself,
70%
Plenty
70%
showed
70%
wine."
70%
grew
69%
heavy
69%
mission
69%
voices
69%
all
68%
corridor,
68%
middle
68%
dim.
67%
remember,
67%
thinking
67%
thought
67%
our
66%
own
66%
sight
66%
Then
66%
boys
65%
candle
65%
can't
65%
is
65%
"Please
65%
pretty,
65%
pretty
65%
warm
65%
colitas,
64%
down
64%
friends.
64%
got
64%
prisoners
64%
beast.
63%
before.
63%
called
63%
calls
63%
Captain,
63%
device"
63%
kill
63%
lit
62%
lot
62%
twisted,
62%
wake
62%
What
62%
away,
61%
forget.
61%
from
61%
man,
61%
Some
61%
some
61%
dance
60%
far
60%
running
60%
your
60%
back
58%
mind
58%
thing
58%
with
58%
feast.
57%
nice
57%
summer
57%
sweet
57%
their
57%
chamber,
56%
Mercedes-Benz.
56%
knives,
55%
calling
54%
ice
54%
Last
54%
master's
54%
stab
54%
surprise
54%
sweat.
54%
Tiffany
54%
champagne
53%
courtyard,
53%
programmed
53%
those
53%
passage
52%
still
52%
"Relax,"
51%
receive.
50%
steely
50%
gathered
49%
ceiling,
48%
pink
48%
alibis.
47%
Mirrors
46%
How
38%

Score Distribution

Percentile by Number Answered

Percent of People with Each Score

Your Score History

You have not taken this quiz since the last reset